000 00539nam a22001697a 4500
005 20251108170714.0
008 250721s9999 xx 000 0 ara d
082 1 4 _aط/741/بلب
100 1 _aخليفه، حلمي
_eرسام
245 1 0 _aبلبل و مشمشه في الملاهي /
264 1 _aالقاهرة :
_bالمركز العربي الحديث،
_c[19-].
490 0 _aأضحك و لون
650 1 7 _aالرسم
653 _aاطفال ما قبل المدرسة (0-5) سنوات
942 _2ddc
_cBK
999 _c47034
_d47034